Statistics for 100 Biggest Cities in Poland

Click here to take the quiz!

General Stats

  • This quiz has been taken 9,336 times
  • The average score is 50 of 100

Answer Stats

Population City % Correct
1 720 398Warszawa
100%
756 183Kraków
98%
456 967Gdańsk
97%
632 996Wrocław
95%
737 098Łódź
93%
551 627Poznań
93%
247 324Gdynia
91%
306 826Katowice
91%
405 606Szczecin
90%
348 450Lublin
88%
295 198Białystok
85%
356 177Bydgoszcz
83%
205 312Toruń
82%
178 227Rzeszów
80%
222 496Radom
78%
125 710Opole
78%
203 804Kielce
78%
117 699Zielona Góra
78%
176 463Olsztyn
76%
238 042Częstochowa
75%
125 394Gorzów Wielkopolski
69%
217 638Sosnowiec
69%
175 008Bielsko-Biała
64%
114 635Tarnów
64%
195 472Gliwice
64%
107 948Koszalin
63%
126 049Elbląg
63%
69 527Suwałki
62%
186 913Zabrze
61%
44 984Kołobrzeg
60%
126 061Płock
60%
84 023Jelenia Góra
58%
181 617Bytom
58%
112 697Chorzów
56%
120 197Wałbrzych
55%
106 664Kalisz
55%
66 234Zamość
53%
103 892Legnica
53%
96 655Słupsk
53%
74 045Lubin
53%
116 914Włocławek
52%
66 229Przemyśl
52%
74 550Piła
51%
84 537Nowy Sącz
51%
57 897Ełk
50%
79 212Konin
50%
129 386Tychy
49%
77 383Piotrków Trybunalski
48%
141 410Rybnik
47%
67 324Chełm
46%
69 483Gniezno
46%
75 802Inowrocław
45%
98 757Grudziądz
44%
63 221Łomża
44%
127 431Dąbrowa Górnicza
44%
77 392Siedlce
43%
64 432Leszno
42%
57 984Biała Podlaska
41%
49 214Tarnobrzeg
41%
60 768Bełchatów
40%
142 950Ruda Śląska
40%
47 471Krosno
38%
69 633Stargard Szczeciński
37%
56 929Pruszków
36%
53 710Ostrołęka
34%
64 322Kędzierzyn-Koźle
33%
72 382Ostrów Wielkopolski
33%
65 210Tomaszów Mazowiecki
33%
63 371Stalowa Wola
32%
46 221Kutno
32%
74 865Mysłowice
32%
49 044Skierniewice
32%
60 743Mielec
32%
60 152Tczew
31%
48 578Puławy
31%
52 400Legionowo
30%
46 046Nysa
30%
60 818Tarnowskie Góry
30%
67 613Głogów
30%
92 462Jastrzębie-Zdrój
30%
94 807Jaworzno
30%
57 900Zgierz
30%
68 550Pabianice
29%
71 959Ostrowiec Świętokrzyski
29%
48 220Radomsko
28%
58 584Będzin
28%
48 185Starogard Gdański
28%
47 794Wejherowo
28%
51 605Starachowice
26%
70 291Siemianowice Śląskie
26%
61 925Żory
26%
46 611Dębica
26%
46 107Rumia
24%
53 798Świętochłowice
24%
47 525Skarżysko-Kamienna
24%
56 397Racibórz
24%
49 000Wodzisław Śląski
24%
59 384Świdnica
24%
51 695Zawiercie
23%
58 268Piekary Śląskie
23%

Score Distribution

Percentile by Number Answered

Percent of People with Each Score

Your Score History

You have not taken this quiz